000 01122nam a2200301 i 4500
001 17647
003 ES-MaACL
005 20231129200127.0
007 t|
008 010419m19941999mx ||||1| spa d
020 _a968-16-4800-5
080 _a821.14.09
100 1 _aSeferis, Giorgos.
_9105100
245 1 3 _aEl estilo griego /
_cGiórgos Seféris ; traducción de Selma Ancira.
250 _a1ª ed. en español de la 5ª en griego.
260 _aMéxico :
_bFondo de Cultura Económica,
_c1994-1999.
300 _a3 v. ;
_c22 cm.
490 1 _aLengua y estudios literarios
505 8 _aContiene: 1. K.P. Kavafis ; T.S. Eliot - 2. El sentimiento de eternidad - 3. Todo está lleno de dioses
600 1 4 _aKavafis, Konstantinos-
_vCrítica e interpretación.
_967665
600 1 4 _aEliot, T. S.-
_vCrítica e interpretación.
_946997
650 0 0 _aLiteratura griega moderna-
_xHistoria y crítica.
_9172270
700 1 _aAncira, Selma,
_d1956-
_921408
830 1 _aLengua y estudios literarios
_9179471
852 _aES-MaACL
_jL-24486-88
852 _aES-MaACL
_jL-27328
_z(V. 3)
999 _c17647
_d17647